000 00418nam a2200157 4500
001 126317
003 ES-MaACL
005 20230906192810.0
007 t|
008 070214s1971 sp r ||||1| spa d
100 1 _aRecio, Marciano.
_995760
245 1 0 _aDe la mano de Santa MarĂ­a /
_cMarciano Recio.
260 _aMadrid :
_bAtenas,
_c1971.
300 _a121 p. ;
_c19 cm.
852 _aES-MaACL
_jC-41562
_bR.77713
999 _c126317
_d126317